000 00591nam a2200193Ia 4500
001 14900
003 GE_BSU
008 181216s||||||||xx |||||||||||||| ||und||
020 _a5895023576
040 _cGE_BSU
080 _a51(075.3)
100 _aБаврин,И.И.
245 _aИзбранные задачи С.А.Рачинского для умственного счета
260 _aМосква
260 _c2002
300 _a48стр.20см.
653 _aИзбранные задачи С.А.Рачинского для умственного счета
942 _cBK
999 _c48020
_d48020